000 00337pab a2200133 454500
008 180718b1984 xxu||||| |||| 00| 0 eng d
245 _aSpecial issue on budgetary decision - making and public policy
260 _c1984
300 _a297-427
362 _aMar.
650 _aBudgetary Control
773 _aPolicy Sciences
909 _a4891
999 _c4891
_d4891